<?xml version="1.0" encoding="UTF-8"?><?xml-stylesheet type="text/xsl" href="static/style.xsl"?><OAI-PMH xmlns="http://www.openarchives.org/OAI/2.0/" xmlns:xsi="http://www.w3.org/2001/XMLSchema-instance" xsi:schemaLocation="http://www.openarchives.org/OAI/2.0/ http://www.openarchives.org/OAI/2.0/OAI-PMH.xsd"><responseDate>2026-06-01T08:01:10Z</responseDate><request verb="GetRecord" identifier="oai:riuma.uma.es:10630/24282" metadataPrefix="marc">https://riuma.uma.es/rest/oai/request</request><GetRecord><record><header><identifier>oai:riuma.uma.es:10630/24282</identifier><datestamp>2026-02-03T12:12:33Z</datestamp><setSpec>com_10630_2254</setSpec><setSpec>col_10630_37959</setSpec></header><metadata><record xmlns="http://www.loc.gov/MARC21/slim" xmlns:dcterms="http://purl.org/dc/terms/" xmlns:doc="http://www.lyncode.com/xoai" xmlns:xsi="http://www.w3.org/2001/XMLSchema-instance" xsi:schemaLocation="http://www.loc.gov/MARC21/slim http://www.loc.gov/standards/marcxml/schema/MARC21slim.xsd">
   <leader>00925njm 22002777a 4500</leader>
   <datafield ind2=" " ind1=" " tag="042">
      <subfield code="a">dc</subfield>
   </datafield>
   <datafield ind2=" " ind1=" " tag="720">
      <subfield code="a">Rando-Cueto, Dolores</subfield>
      <subfield code="e">author</subfield>
   </datafield>
   <datafield ind2=" " ind1=" " tag="720">
      <subfield code="a">Núñez-Sánchez, José Manuel</subfield>
      <subfield code="e">author</subfield>
   </datafield>
   <datafield ind2=" " ind1=" " tag="720">
      <subfield code="a">Jambrino-Maldonado, Carmen</subfield>
      <subfield code="e">author</subfield>
   </datafield>
   <datafield ind2=" " ind1=" " tag="720">
      <subfield code="a">Iglesias-Sánchez, Patricia Pilar</subfield>
      <subfield code="e">author</subfield>
   </datafield>
   <datafield ind2=" " ind1=" " tag="720">
      <subfield code="a">De-las-Heras-Pedrosa, Carlos</subfield>
      <subfield code="e">author</subfield>
   </datafield>
   <datafield ind2=" " ind1=" " tag="260">
      <subfield code="c">2022-05-26</subfield>
   </datafield>
   <datafield ind2=" " ind1=" " tag="520">
      <subfield code="a">Gestionar la felicidad y el bienestar de los empleados como estrategia organizacional ofrece resultados positivos para las empresas, como ha sido ampliamente estudiado en la literatura científica. En el campo de las Relaciones Públicas, los estudios publicados abordan estos beneficios tanto para los individuos como para el colectivo, para los empleados (Pérez, K., 2020) y para la entidad para la que trabajan, ya sean intangibles (Castro-Martínez y Díaz-Morilla, 2020) , o tangible, cuantitativa (Sidney et al., 2017). Sin embargo, la función de promover un buen clima laboral no siempre se atiende en el ámbito organizacional, ni siempre es exclusiva de un área específica (Bowen, 2008).&#xd;
Además de la revisión documental sistemática realizada, para el estudio bibliométrico y mapeo de redes de la literatura científica se utiliza la base de datos Web of Science, de la cual se extraen los artículos para su análisis en diferentes búsquedas bibliográficas. A partir de la información obtenida, se utiliza el software VOSviewer para el análisis de redes bibliométricas referentes a autoría, citación y co-ocurrencia de palabras clave en publicaciones científicas.&#xd;
El número de artículos publicados sobre la gestión de la felicidad y el bienestar en las organizaciones por parte del área de Relaciones Públicas ha aumentado significativamente en la última década, aunque se ha producido un cambio notable en este crecimiento desde 2021. Según la investigación, los programas de Responsabilidad Social Empresarial están considerando cada vez más estos aspectos como parte de su estrategia organizacional y departamentos como Recursos Humanos están tomando un mayor protagonismo en la generación de un buen clima laboral.</subfield>
   </datafield>
   <datafield ind1="8" ind2=" " tag="024">
      <subfield code="a">https://hdl.handle.net/10630/24282</subfield>
   </datafield>
   <datafield tag="653" ind2=" " ind1=" ">
      <subfield code="a">Relaciones públicas</subfield>
   </datafield>
   <datafield tag="653" ind2=" " ind1=" ">
      <subfield code="a">Felicidad</subfield>
   </datafield>
   <datafield tag="653" ind2=" " ind1=" ">
      <subfield code="a">Bienestar</subfield>
   </datafield>
   <datafield tag="653" ind2=" " ind1=" ">
      <subfield code="a">Organizaciones</subfield>
   </datafield>
   <datafield tag="653" ind2=" " ind1=" ">
      <subfield code="a">Bibliometría</subfield>
   </datafield>
   <datafield tag="653" ind2=" " ind1=" ">
      <subfield code="a">Estadística</subfield>
   </datafield>
   <datafield tag="653" ind2=" " ind1=" ">
      <subfield code="a">Condiciones de trabajo</subfield>
   </datafield>
   <datafield ind2="0" ind1="0" tag="245">
      <subfield code="a">Bibliometric analysis and network mapping of the scientific literature on the influence of public relations on wellbeing and happiness</subfield>
   </datafield>
</record>
</metadata></record></GetRecord></OAI-PMH>